Earth's core and lower mantle (Record no. 15472)

MARC details
000 -LEADER
fixed length control field 00942nam a2200229Ia 4500
003 - CONTROL NUMBER IDENTIFIER
control field IN-BaIIA
008 - FIXED-LENGTH DATA ELEMENTS--GENERAL INFORMATION
fixed length control field 211028s9999 xx 000 0 eng d
020 ## - INTERNATIONAL STANDARD BOOK NUMBER
International Standard Book Number 0-415-30936-0
040 ## - CATALOGING SOURCE
Transcribing agency IIA Library
080 ## - UNIVERSAL DECIMAL CLASSIFICATION NUMBER
Universal Decimal Classification number 523.4
Item number EAR
111 ## - MAIN ENTRY--MEETING NAME
Meeting name or jurisdiction name as entry element Symposium Study of the Earth's Deep Interior exeter
Number of part/section/meeting 7th
Location of meeting England
Date of meeting or treaty signing 2000 July 30 - Aug. 4
9 (RLIN) 28558
245 #0 - TITLE STATEMENT
Title Earth's core and lower mantle
Remainder of title contributions from SEDI 2000,The 7th symposium study of the Earth's deep interior exeter, 30th July - 4th Aug 2000
Statement of responsibility, etc. edited by C. A. Jones, Soward, A. M. and K. Zhang
260 ## - PUBLICATION, DISTRIBUTION, ETC.
Place of publication, distribution, etc. London
Name of publisher, distributor, etc. Taylor and Francis
Date of publication, distribution, etc. 2003
300 ## - PHYSICAL DESCRIPTION
Extent viii, 218p.
490 ## - SERIES STATEMENT
Series statement The fluid mechanics of astrophysics and geography
650 ## - SUBJECT ADDED ENTRY--TOPICAL TERM
Topical term or geographic name entry element Earth's core
9 (RLIN) 28559
650 ## - SUBJECT ADDED ENTRY--TOPICAL TERM
Topical term or geographic name entry element Energy fluxes
9 (RLIN) 28560
700 ## - ADDED ENTRY--PERSONAL NAME
Personal name Jones, C. A., ed.
9 (RLIN) 28561
700 ## - ADDED ENTRY--PERSONAL NAME
Personal name Soward, A. M., ed.
9 (RLIN) 13623
700 ## - ADDED ENTRY--PERSONAL NAME
Personal name Zhang, K., ed.
9 (RLIN) 28562
942 ## - ADDED ENTRY ELEMENTS (KOHA)
Koha item type Books
Holdings
Withdrawn status Lost status Damaged status Not for loan Home library Current library Shelving location Date acquired Source of acquisition Cost, normal purchase price Total Checkouts Full call number Barcode Date last seen Cost, replacement price Price effective from Koha item type Purchase Price
        IIA Library-Bangalore IIA Library-Bangalore General Stacks 20/10/2003 ANJ 6108.00   523.4/ EAR 16394 05/11/2021 6108.00 20/10/2003 Books Rs. 6108.00

Powered by Koha